| 000 | 01186nam a2200253Ia 4500 | ||
|---|---|---|---|
| 999 |
_c47166 _d47166 |
||
| 001 | 14024 | ||
| 003 | GE_BSU | ||
| 005 | 20241017115517.0 | ||
| 008 | 181216s2013||||ge |||||||||||||| ||geo|| | ||
| 020 | _a9789941220555 | ||
| 040 | _cGE_BSU | ||
| 041 | _ageo | ||
| 080 | _a368.371(075.8)+519.23 ს-45 | ||
| 100 |
_aსვანიძე, ნინო _913337 |
||
| 245 |
_aსადაზღვეო მათემატიკის საფუძვლები : _b(აქტუარული ანგარიშები) / _cნინო სვანიძე, ასიე ცინცაძე ; რედ. : ნატო კაკაშვილი. |
||
| 264 |
_aთბილისი : _bუნივერსალი, _c2013. |
||
| 300 |
_a217 გვ. ; _c26 სმ. |
||
| 541 | _h15ლ. | ||
| 653 | _aსადაზღვეო მათემატიკის საფუძვლები | ||
| 653 | _a(აქტუარული ანგარიშები) | ||
| 700 |
_aცინცაძე, ასიე _eავტორი _912504 |
||
| 700 |
_aკაკაშვილი, ნატო _eრედაქტორი _913338 |
||
| 942 |
_cBK _2udc |
||